000 01495nam a2200421 i 4500
001 40139
003 KOSZ 005
005 20210108143541.0
008 030604s1999 pl |000 0 pol
015 _aUWD 2003/14016
020 _a8387809209
035 _a991020081579705066
035 _a(PL-WaBN)b15443139-48omnis_nlop
035 _ab15443139
035 _a(OCoLC)831054317
035 _a(PL)b0000001544313
035 _a(EXLNZ-48OMNIS_NETWORK)9910112950205606
040 _aWA N
_cWA N
_dKOSZ 005/HR
046 _k1924
080 _a351/354(438)".../18"
100 1 _aKoneczny, Feliks
_d(1862-1949)
_eAutor
245 1 0 _aDzieje administracji w Polsce :
_bw zarysie /
_cFeliks Koneczny.
260 _aWarszawa ;
_aKomorów :
_bFundacja Pomocy Antyk "Wydawnictwo Antyk-Marcin Dybowski",
_c1999.
300 _a[3], V, 351 s. ;
_c20 cm.
336 _aTekst
_btxt
_2rdacontent
337 _aBez urządzenia pośredniczącego
_bn
_2rdamedia
338 _aWolumin
_bnc
_2rdacarrier
380 _aKsiążki
388 _a1901-2000
500 _aRepr., oryg.: Wilno : nakładem i drukiem Okręgowej Szkoły Policji Państwowej Ziemi Wileńskiej, 1924.
650 7 _aAdministracja
650 7 _aHistoria
651 7 _aPolska
_2DBN
658 _aPolityka, politologia, administracja publiczna
856 _uhttp://koha.tu.koszalin.pl/cgi-bin/koha/opac-detail.pl?biblionumber=40139
_yKatalog online BPK
942 _2UKD
_cKS
999 _c40139
_d40139